000 00712nam a2200205Ii 4500
003 JO-AjNU
008 230605s9999||||xx |||||||||||||| ||und||
017 _a2000/2/430
040 _aJO-AjNU
_bara
_erda
_cJO-AjNU
041 _aara
050 1 4 _aHD69.2000
100 3 _aالمنصور،كاسر نصر/شوقي ناجي جواد,
_eauthor
_929270
245 0 0 _aادارة المشروعات الصغيرة
264 3 1 _aعمان:دار ومكتبة الحامد للنشر والتوزيع،2000
300 _a319ص
336 _atext
_btxt
_2rdacontent
337 _aunmediated
_bn
_2rdamedia
338 _avolume
_bnc
_2rdacarrier
650 4 _aادارة الاعمال-ادارة المشاريع
_929271
999 _aA11457
_c15025
_d15025